Normal view
MARC view
Entry Personal Name
001 - CONTROL NUMBER
- control field: 76600
003 - CONTROL NUMBER IDENTIFIER
- control field: OSt
005 - DATE AND TIME OF LATEST TRANSACTION
- control field: 20190908150756.0
008 - FIXED-LENGTH DATA ELEMENTS
- fixed length control field: 190908|| aca||aabn | a|a d
040 ## - CATALOGING SOURCE
- Original cataloging agency: OSt
- Transcribing agency: OSt
100 ## - HEADING--PERSONAL NAME
- Personal name: Chandler, Steve
670 ## - SOURCE DATA FOUND
- Source citation: Work cat.: (OSt): Chandler, Steve, Yes You Can : Change Your Life Forever, 2018









